Farm virus inquiry plea rejected (Record no. 69821)

MARC details
000 -LEADER
fixed length control field 00967cam a2200205 4500
001 - CONTROL NUMBER
control field WB3811-34
008 - FIXED-LENGTH DATA ELEMENTS--GENERAL INFORMATION
fixed length control field 020320n2002 000 0 eng u
035 ## - SYSTEM CONTROL NUMBER
System control number (Sirsi) u117193
245 ## - TITLE STATEMENT
Title Farm virus inquiry plea rejected
260 ## - PUBLICATION, DISTRIBUTION, ETC.
Date of publication, distribution, etc. 2002
490 ## - SERIES STATEMENT
Series statement RICS Rural Faculty News
Volume/sequential designation 19 March 2002, (1)
520 ## - SUMMARY, ETC.
Summary, etc. The High Court has ruled against a group of farmers and media organisations' claims that government should hold a public inquiry into the outbreak of foot and mouth disease. The group, included the National Farmers Union (NFU), the Country Land and Business Association (CLA) and the Countryside Alliance. CLA's comments at http://www.cla.org.uk/sources/27/171/4024954/02030HQ.htm. http://www.rics.org/ricscms/bin/show?class=News&template=/includes/shownews.html&id=2103
590 ## - LOCAL NOTE (RLIN)
Local note WB
650 ## - SUBJECT ADDED ENTRY--TOPICAL TERM
Topical term or geographic name entry element FARMING INDUSTRY
650 ## - SUBJECT ADDED ENTRY--TOPICAL TERM
Topical term or geographic name entry element FOOT-AND-MOUTH DISEASE
650 ## - SUBJECT ADDED ENTRY--TOPICAL TERM
Topical term or geographic name entry element INQUIRIES
650 ## - SUBJECT ADDED ENTRY--TOPICAL TERM
Topical term or geographic name entry element CLA
690 ## - LOCAL SUBJECT ADDED ENTRY--TOPICAL TERM (OCLC, RLIN)
Topical term or geographic name as entry element Rural
9 (RLIN) 6268
942 ## - ADDED ENTRY ELEMENTS (KOHA)
Suppress in OPAC 0
Holdings
Withdrawn status Lost status Source of classification or shelving scheme Damaged status Not for loan Home library Current library Shelving location Date acquired Total Checkouts Full call number Barcode Date last seen Copy number Price effective from Koha item type
    Dewey Decimal Classification     London London News article 20/03/2002   WB3811-34 117193-1001 06/08/2019 1 06/08/2019 News article